Vnútropodniková komunikácia a jej vplyv na úspešnosť podniku poskytujúceho zdravotnícke služby dizertačná práca

Saved in:
Bibliographic Details
Main Author: Ružičková, Oľga
Corporate Author: Ekonomická univerzita v Bratislave. Fakulta podnikového manažmentu
Other Authors: Szarková, Miroslava, 1951-
Format: Book
Language:Slovak
Published: Bratislava 2011
Subjects:
Tags: Add Tag
No Tags, Be the first to tag this record!

MARC

LEADER 00000nam a2200000 4500
001 0136742
005 20221207094925.3
041 0 |a slo 
044 |a SK 
245 1 0 |a Vnútropodniková komunikácia a jej vplyv na úspešnosť podniku poskytujúceho zdravotnícke služby  |b dizertačná práca  |c Oľga Ružičková ; školiteľ: Miroslava Szarková 
264 1 |a Bratislava  |c 2011 
300 |a 119 s. 
610 2 0 |a komunikácia interná 
610 2 0 |a zdravotníctvo 
610 2 0 |a služby zdravotnícke 
100 1 |a Ružičková, Oľga 
700 1 |a Szarková, Miroslava, 1951- 
710 2 |a Ekonomická univerzita v Bratislave. Fakulta podnikového manažmentu